000 00653nam a22001817a 4500
005 20120105101156.0
020 _a9788128624070
037 _bPUB
100 _aLarry, H.I.
_938281
245 _aHigh risk /
_cby H.I. Larry; illustrated by Andy Hook
260 _aMumbai
_bEuro Books
_c2010
270 _aDani Corporat e Park, First Floor, 158, Vidyanagari Marg, Kalina, Santacruz
_bMumbai
_e400098
300 _a91p.
_bill.
_c20cm(pbk)
490 _aZac power:
_v24 hours to save the world...and visit his granny
_938282
700 _a Hook, Andy
_938280
942 _2ddc
_cCH
_mLAR
999 _c60321
_d60321